<?xml version="1.0" encoding="UTF-8"?>
<record
    xmlns:xsi="http://www.w3.org/2001/XMLSchema-instance"
    xsi:schemaLocation="http://www.loc.gov/MARC21/slim http://www.loc.gov/standards/marcxml/schema/MARC21slim.xsd"
    xmlns="http://www.loc.gov/MARC21/slim">

  <leader>02388nam a2200301 a 4500</leader>
  <controlfield tag="001">ASIN1442211350</controlfield>
  <controlfield tag="005">20170105102846.0</controlfield>
  <controlfield tag="008">130816s2012    xxu                 eng d</controlfield>
  <datafield tag="020" ind1=" " ind2=" ">
    <subfield code="a">1442211350 (paperback)</subfield>
    <subfield code="c">$39.95</subfield>
  </datafield>
  <datafield tag="020" ind1=" " ind2=" ">
    <subfield code="a">9781442211353 (paperback)</subfield>
  </datafield>
  <datafield tag="040" ind1=" " ind2=" ">
    <subfield code="a">0</subfield>
  </datafield>
  <datafield tag="050" ind1="0" ind2="4">
    <subfield code="a">DS779.27</subfield>
  </datafield>
  <datafield tag="082" ind1="0" ind2="4">
    <subfield code="a">327.51</subfield>
  </datafield>
  <datafield tag="100" ind1="1" ind2=" ">
    <subfield code="a">Sutter, Robert G.</subfield>
  </datafield>
  <datafield tag="245" ind1="1" ind2="0">
    <subfield code="a">Chinese foreign relations :</subfield>
    <subfield code="b">power and policy since the cold war /</subfield>
    <subfield code="c">Robert G. Sutter.</subfield>
  </datafield>
  <datafield tag="250" ind1=" " ind2=" ">
    <subfield code="a">Third Edition.</subfield>
  </datafield>
  <datafield tag="260" ind1=" " ind2=" ">
    <subfield code="a">[S.l.] :</subfield>
    <subfield code="b">Rowman &amp; Littlefield Publishers,</subfield>
    <subfield code="c">2012.</subfield>
  </datafield>
  <datafield tag="300" ind1=" " ind2=" ">
    <subfield code="a">446 p. ;</subfield>
    <subfield code="c">23 cm.</subfield>
  </datafield>
  <datafield tag="490" ind1="1" ind2=" ">
    <subfield code="a">Asia in world politics.</subfield>
  </datafield>
  <datafield tag="520" ind1=" " ind2=" ">
    <subfield code="a">China is rightly considered an emerging power in world affairs as Chinese leaders, backed by growing economic and military strength, engage in innovative diplomatic approaches that pave the way for China's international role. But this is only part of the story of China&#x2019;s rise. As Robert G. Sutter shows in this meticulous and balanced assessment, the record of twists and turns in Chinese foreign relations since the end of the Cold War highlights a very different perspective. Domestic problems, nationalism, and security concerns continue to preoccupy Beijing, complicating China's influence and innovations in foreign affairs. On the international front, the actions of other powerful nations and growing dependence on the world economy complicate as well as enhance China&#x2019;s advance to international prominence. Newly revised, this edition features more extensive treatment of China&#x2019;s role in the international economy and greater discussion of its relations with the developing world. Providing a comprehensive introduction to Chinese foreign relations, Sutter shows Chinese leaders exerting growing influence in world affairs but remaining far from dominant. Facing numerous contradictions and trade-offs, they move cautiously to avoid major confrontations, costly commitments, or mistakes that could undermine their one-party rule as they deal with an international environment posing numerous challenges as well as opportunities for Chinese interests.</subfield>
  </datafield>
  <datafield tag="650" ind1=" " ind2="0">
    <subfield code="a">China</subfield>
  </datafield>
  <datafield tag="650" ind1=" " ind2="0">
    <subfield code="a">International relations</subfield>
  </datafield>
  <datafield tag="650" ind1=" " ind2="0">
    <subfield code="a">Political science</subfield>
  </datafield>
  <datafield tag="650" ind1=" " ind2="0">
    <subfield code="a">World politics</subfield>
  </datafield>
  <datafield tag="830" ind1=" " ind2="0">
    <subfield code="a">Asia in world politics.</subfield>
  </datafield>
  <datafield tag="856" ind1="4" ind2="0">
    <subfield code="3">Amazon.com</subfield>
    <subfield code="u">http://www.amazon.com/exec/obidos/ASIN/1442211350/chopaconline-20</subfield>
  </datafield>
  <datafield tag="942" ind1=" " ind2=" ">
    <subfield code="2">ddc</subfield>
    <subfield code="c">BK</subfield>
  </datafield>
  <datafield tag="999" ind1=" " ind2=" ">
    <subfield code="c">14086</subfield>
    <subfield code="d">14086</subfield>
  </datafield>
  <datafield tag="952" ind1=" " ind2=" ">
    <subfield code="0">0</subfield>
    <subfield code="1">0</subfield>
    <subfield code="4">0</subfield>
    <subfield code="7">0</subfield>
    <subfield code="8">NFIC</subfield>
    <subfield code="a">CIPS</subfield>
    <subfield code="b">CIPS</subfield>
    <subfield code="c">GEN</subfield>
    <subfield code="d">2013-08-16</subfield>
    <subfield code="l">0</subfield>
    <subfield code="o">327.51 SUT 2012</subfield>
    <subfield code="p">CIPS0000313</subfield>
    <subfield code="r">2013-08-16</subfield>
    <subfield code="w">2013-08-16</subfield>
    <subfield code="y">BK</subfield>
  </datafield>
</record>
